00563nam a22001697a 450000500170000001000150001702000260003203500130005803700130007108200180008410000230010224500840012526000450020927000630025430000260031750000500034320230411124918.0 aENG-111217 a9780199451159c895.00 aEN-94749 bDBAD/PUB a305.800954166 aPachuau, Joy L. K. aBeing mizo :bidentify and belonging in northeast India /cby Joy L. K. Pachuau aNew DelhibOxford University Pressc2014 aYMCA Library building, 1 Jai Singh RoadbNew Delhie110001 axiv, 274p.c22cm(hbk) aIncludes bibliographical references and index